Statistics for Albums Of 1977

Click here to take the quiz!

General Stats

  • This quiz has been taken 49 times
  • The average score is 11 of 20

Answer Stats

AlbumArtist% Correct
Bat Out Of HellMeat Loaf
95%
RumoursFleetwood Mac
93%
Never Mind The Bollocks, Here's The ___ _______Sex Pistols
90%
SlowhandEric Clapton
80%
The StrangerBilly Joel
73%
Running On EmptyJackson Browne
63%
Newa Of The WorldQueen
63%
AjaSteely Dan
63%
AnimalsPink Floyd
60%
ExodusBob Marley and The Wailers
58%
My Aim Is TrueElvis Costello
55%
Cat Scratch FeverTed Nugent
55%
Point Of No ReturnKansas
50%
A Farewell To KingsRush
48%
The Grand IllusionStyx
48%
Rocket To RussiaRamones
43%
Footloose And Fancy FreeRod Stewart
43%
T_____ H____: 77Talking Heads
35%
Changes In Latitudes, Changes In AttitudesJimmy Buffett
23%
Sin After SinJudas Priest
10%

Score Distribution

Percentile by Number Answered

Percent of People with Each Score

Your Score History

You have not taken this quiz